Basic German Grammar Quiz - Statistics

General Stats
  • This quiz has been taken 156 times
  • The average score is 27 of 45
Answer Stats
Answer % Correct
{die} rot{e} Hose
99%
{das} rot{e} Hemd
92%
{die} rot{en} Schuhe
88%
{den} rot{en} Rock
76%
{die} rot{e} Hose
76%
{das} rot{e} Hemd
74%
{die} rot{en} Schuhe
73%
{dem} rot{en} Rock
72%
{der} rot{en} Hose
72%
{eine} rot{e} Hose
68%
{dem} rot{en} Hemd
67%
{ein} rot{es} Hemd
64%
{einen} rot{en} Rock
63%
{eine} rot{e} Hose
63%
meine rot{en} Schuhe
63%
{der} rot{en} Hose
62%
{den} rot{en} Schuhe{n}
60%
{des} rot{en} Rock{(e)s}
60%
{ein} rot{es} Hemd
60%
{des} rot{en} Hemd{(e)s}
59%
{der} rot{en} Schuhe
58%
rot{e} Getränke
58%
rot{e} Milch
58%
rot{en} Wein
58%
{meine} rot{en} Schuhe
57%
rot{es} Wasser
57%
{einem} rot{en} Rock
56%
rot{e} Milch
56%
rot{e} Getränke
55%
rot{es} Wasser
55%
{einem} rot{en} Hemd
54%
{einer} rot{en} Hose
54%
rot{em} Wein
53%
rot{er} Milch
53%
rot{em} Wasser
52%
{einer} rot{en} Hose
51%
{eines} rot{en} Rock{(e)s}
50%
{meinen} rot{en} Schuhe{n}
50%
rot{en} Getränke{n}
50%
{eines} rot{en} Hemd{(e)s}
49%
rot{er} Milch
49%
{meiner} rot{en} Schuhe
48%
rot{en} Wein{(e)s}
45%
rot{en} Wasser{s}
43%
rot{er} Getränke
42%
No matching quizzes found
Score Distribution
Percent of People with Each Score
Percentile by Number Answered
Your Score History
You have not taken this quiz